000 00505cam a2200205ua 4500
020 _c85.00
041 _aeng
_h
082 _a631.41
_bBEA/CH
100 _aBear, Firman E .
245 _aChemisty of the soil /
_cFirman E Bear.
_hTextual Documents
250 _a2 /
_b.
260 _aNew Delhi :
_bOxford & IBH Publishing company ,
_c1964.
300 _a515 ; .
365 _a85.00
504 _a
942 _cBK
999 _c10910
_d10910